KOHA-Header-6

Wireless Communication and Networks (Record no. 427)

000 -LEADER
fixed length control field 00310nam a2200121Ia 4500
008 - FIXED-LENGTH DATA ELEMENTS--GENERAL INFORMATION
fixed length control field 190722s9999 xx 000 0 und d
020 ## - INTERNATIONAL STANDARD BOOK NUMBER
International Standard Book Number 0-19-809888-X
100 ## - MAIN ENTRY--PERSONAL NAME
Personal name Upena Dalal
245 #0 - TITLE STATEMENT
Title Wireless Communication and Networks
260 ## - PUBLICATION, DISTRIBUTION, ETC. (IMPRINT)
Place of publication, distribution, etc New Delhi
Name of publisher, distributor, etc Oxford University Press
Date of publication, distribution, etc 2015
300 ## - PHYSICAL DESCRIPTION
Extent 562
942 ## - ADDED ENTRY ELEMENTS (KOHA)
Koha item type Books
Holdings
Withdrawn status Lost status Damaged status Not for loan Collection code Permanent Location Current Location Shelving location Date acquired Full call number Barcode Date last seen Price effective from Koha item type
        Electrical Engineering MAJU MAJU Shelf No.A34 2019-07-22 621.384 7053 2019-07-22 2019-07-22 Electrical Engineering

Powered by Koha